Monitorovanie zamestnancov na pracovisku verzus právo na súkromie

Ústavnoprávne a nadnárodné aspekty práva na súkromie.

Salvato in:
Dettagli Bibliografici
Autore principale: Pšenková, Jana
Altri autori: Gullerová, Monika
Natura: Capitolo di libro
Lingua:slovacco
Soggetti:
Tags: Aggiungi Tag
Nessun Tag, puoi essere il primo ad aggiungerne!!

MARC

LEADER 00000naa a2200000 4500
001 0170016
005 20220718121139.6
041 0 |a slo 
044 |a SK 
245 1 0 |a Monitorovanie zamestnancov na pracovisku verzus právo na súkromie  |c Jana Pšenková, Monika Gullerová 
520 |a Ústavnoprávne a nadnárodné aspekty práva na súkromie. 
610 2 0 |a monitoring 
610 2 0 |a zamestnanci 
610 2 0 |a pracovisko 
610 2 0 |a zákonník práce 
610 2 0 |a právo ústavné 
100 1 |a Pšenková, Jana 
700 1 |a Gullerová, Monika